LEADER 02769oas 2200949 a 450 001 9910229185803321 005 20260127110415.0 011 $a2162-2752 035 $a(DE-599)ZDB2568321-4 035 $a(OCoLC)472158707 035 $a(CONSER) 2011202308 035 $a(CKB)1000000000751168 035 $a(DE-599)2568321-4 035 $a(EXLCZ)991000000000751168 100 $a20090603a20099999 uy a 101 0 $aeng 135 $aurcnu|||||||| 181 $ctxt$2rdacontent 182 $cc$2rdamedia 183 $acr$2rdacarrier 200 00$aContemporary readings in law and social justice 210 $aWoodside, N.Y. $cAddleton Academic Publishers 300 $aRefereed/Peer-reviewed 311 08$a1948-9137 517 1 $aContemp. Readings L. & Soc. Just 606 $aSocial justice$vPeriodicals 606 $aLaw and the social sciences$vPeriodicals 606 $aSocial justice$xStudy and teaching$vPeriodicals 606 $aPublications pe?riodiques$2eclas 606 $aDroit$2eclas 606 $aJustice sociale$2eclas 606 $aDe?veloppement social$2eclas 606 $aLaw and the social sciences$2fast$3(OCoLC)fst00993926 606 $aSocial justice$2fast$3(OCoLC)fst01122603 606 $aSocial justice$xStudy and teaching$2fast$3(OCoLC)fst01122616 606 $aJustice sociale$vPe?riodiques 606 $aDroit et sciences sociales$vPe?riodiques 606 $aJustice sociale$xE?tude et enseignement$vPe?riodiques 608 $aPeriodicals.$2fast 608 $aPeriodicals.$2lcgft 608 $aperiodicals.$2aat 608 $aPe?riodiques.$2rvmgf 615 0$aSocial justice 615 0$aLaw and the social sciences 615 0$aSocial justice$xStudy and teaching 615 7$aPublications pe?riodiques. 615 7$aDroit. 615 7$aJustice sociale. 615 7$aDe?veloppement social. 615 7$aLaw and the social sciences. 615 7$aSocial justice. 615 7$aSocial justice$xStudy and teaching. 615 6$aJustice sociale 615 6$aDroit et sciences sociales 615 6$aJustice sociale$xE?tude et enseignement 676 $a303 801 0$bLGG 801 1$bLGG 801 2$bHTM 801 2$bUX0 801 2$bDLC 801 2$bDOS 801 2$bOCLCQ 801 2$bOCLCF 801 2$bBEDGE 801 2$bOCLCO 801 2$bFIE 801 2$bOCLCO 801 2$bOCLCQ 801 2$bYOR 801 2$bUUM 801 2$bBWN 801 2$bTXQ 801 2$bOCLCQ 801 2$bIOY 801 2$bOCLCL 801 2$bLVT 801 2$bQGK 906 $aJOURNAL 912 $a9910229185803321 996 $aContemporary readings in law and social justice$92024800 997 $aUNINA